Beating About The Bush

Bibliographic Details
Main Author: Kumara Velu
Format: Book
Language:English
Published: Kuala Lumpur : Pustaka Printis , 2012
Series:Learn Idioms Through Stories
Subjects:

MARC

LEADER 00000cam a2200000 7i4500
001 0000102818
005 20170619.0
008 100526 eng
020 |a 9789838324991 (set) 
020 |a 9789838325059 
090 0 0 |a J 823 KUM 
100 1 |a Kumara Velu 
245 1 0 |a Beating About The Bush   |c Kumara Velu 
260 |a Kuala Lumpur :   |b Pustaka Printis ,   |c 2012 
300 |a 28p. :   |b ill ;   |c 21cm. 
440 0 |a Learn Idioms Through Stories 
650 0 0 |a English Fiction 
999 |a 0000205980   |b Buku   |c Koleksi Pinjaman Kanak-Kanak   |e Perbadanan Perpustakaan Awam Melaka